000 00652nam a2200229 a 4500
001 68397
003 BD-RjUL
005 20211209081751.0
008 850410s1965 caua b 001 0 eng
035 _a(BD-RjUL)68607
040 _aDLC/ICU
_cICU
_dDLC
_dBD-RjUL
_beng
041 _aeng
082 0 0 _223
_a570
_bKAS 1965
100 1 _aKavanau, J. Lee.
_9202773
245 1 0 _aStructure and function in biological membranes /
_c J. Lee Kavanau.
260 _aSan Francisco,
_bHolden-Day,
_c1965.
300 _a v. :
_bill. ;
_c26 cm.
504 _aIncludes bibliographies and index
505 _aV. 1 --
650 0 _aBiology
_9202774
942 _2ddc
_cBK
999 _c68397
_d68397